Compound Playground II Quiz Stats

Quiz Updated Sep 6, 2012

Challenge
Share
Tweet
Embed
Score 0/20 Timer 04:00
0 Plays Today
Compound-o-nym Compound Word % Correct
SixtysecondguyMinuteman
96.2%
TinychatSmalltalk
91.3%
FootweartrumpetShoehorn
83.4%
ApparitionauthorGhostwriter
80.6%
PostarithmeticAftermath
78.5%
SlayblissKilljoy
62.7%
FondnessnauseatedLovesick
62.1%
AutomobilejumpCarhop
59.2%
RabbitmindedHarebrained
54.6%
YankshipTugboat
53.8%
Compound-o-nym Compound Word % Correct
BeeforbMeatball
44.3%
UrinateteensyPeewee
37.6%
ProboscisplummetNosedive
31.9%
SultryhoundHotdog
26.5%
ViolinbranchesFiddlesticks
24.7%
FrontalgrizzlyForebear
24.2%
SackconduitBagpipe
22.7%
MarijuanaserendipityPotluck
20.2%
AddictmonikerUsername
12.9%
CubebreakerBlockbuster
4.1%

You're not logged in!

Compare scores with friends on all Sporcle quizzes.
Join for Free
OR
Log In

You Might Also Like...

Show Comments

Extras

Top Quizzes Today


Score Distribution

Your Account Isn't Verified!

In order to create a playlist on Sporcle, you need to verify the email address you used during registration. Go to your Sporcle Settings to finish the process.

Report this User

Report this user for behavior that violates our Community Guidelines.

Details: